| 000 | 00660nam a2200205Ia 4500 | ||
|---|---|---|---|
| 003 | GCL | ||
| 005 | 20240530110901.0 | ||
| 008 | 140319s9999 xx 000 0 ara d | ||
| 020 | _a9775684102 | ||
| 040 |
_aGCL / _cGCL |
||
| 082 | 0 | 4 |
_a302.542 _bأ أ |
| 100 | 0 | _aاحمد عمر هاشم | |
| 245 | 1 | 0 |
_aانحرافات الشباب الفكرية : الاسباب والعلاج / _cاحمد عمر هاشم |
| 260 |
_aالقاهرة : _bجهاد للنشر والتوزيع ، _c1999 |
||
| 300 |
_a96 ص ؛ _c20 سم |
||
| 650 | 0 | 4 | _aالمخدرات والشباب |
| 650 | 0 | 4 | _aالمراهقون |
| 650 | 0 | 4 | _aالعولمة |
| 942 |
_2ddc _cBK |
||
| 999 |
_c66131 _d66131 |
||